000 00310nam a2200145Ia 4500
100 _aDeikman alan
942 _cBK
654 _aUnix
245 _aUnix programming on the 80286
260 _bBPB Publication
_aDelhi
_c1989
082 _a5.13
300 _a445
546 _aENGLISH
_cComputers
999 _c24401
_d24401